[Event "España ch Femenino 2012"]
[Site "Salobreña ESP"]
[Date "2012.07.30"]
[Round "1.1"]
[White "Vega Gutierrez, Sabrina"]
[Black "Iza Abete, Amaia"]
[Result "1-0"]
[WhiteElo "2355"]
[BlackElo "1995"]
[PlyCount "61"]
[EventDate "2012.07.30"]
[EventType "swiss"]
[EventRounds "9"]
[EventCountry "ESP"]
[Source "lmi"]
[SourceDate "2012.07.30"]

1. e4 g6 2. d4 Bg7 3. Nc3 c6 4. Nf3 d5 5. h3 e6 6. Bd3 Nd7 7. exd5 exd5 8. O-O
Ne7 9. Bg5 O-O 10. Qd2 Nf6 11. Rfe1 Nf5 12. g4 Nd6 13. Qf4 Be6 14. Ne5 Nde8 15.
Ne2 Qd6 16. Ng3 b6 17. Re3 Nd7 18. Bh6 Nxe5 19. dxe5 Qe7 20. Nf5 Bxf5 21. gxf5
f6 22. Bxg7 Qxg7 23. fxg6 hxg6 24. Bxg6 fxe5 25. Qg4 Rf6 26. Rg3 Kf8 27. Qh5
Qc7 28. Bxe8 Rxe8 29. Qh8+ Ke7 30. Rg7+ Rf7 31. Rxf7+ 1-0

[Event "España ch Femenino 2012"]
[Site "Salobreña ESP"]
[Date "2012.07.30"]
[Round "1.2"]
[White "Salido Polo, Veronica"]
[Black "Hernandez Estevez, Yudania"]
[Result "1-0"]
[WhiteElo "1991"]
[BlackElo "2254"]
[PlyCount "102"]
[EventDate "2012.07.30"]
[EventType "swiss"]
[EventRounds "9"]
[EventCountry "ESP"]
[Source "lmi"]
[SourceDate "2012.07.30"]

1. e4 e5 2. Nc3 Nf6 3. f4 d5 4. fxe5 Nxe4 5. Qf3 Nxc3 6. bxc3 Qh4+ 7. g3 Qe4+
8. Qxe4 dxe4 9. Bg2 Nc6 10. Bxe4 Nxe5 11. d4 Nc4 12. Nf3 Nd6 13. Bd5 Bf5 14.
Bb3 O-O-O 15. O-O f6 16. Bb2 Bg4 17. Rae1 g6 18. Nd2 Bg7 19. Re7 Rd7 20. Rfe1
h5 21. Kg2 Bf8 22. Rxd7 Bxd7 23. Ne4 Nxe4 24. Rxe4 f5 25. Re1 h4 26. Be6 Bd6
27. d5 hxg3 28. hxg3 Re8 29. c4 c6 30. Kf3 Kc7 31. Bd4 cxd5 32. cxd5 Bb5 33.
Re3 Bc4 34. Rc3 b5 35. a3 Kb7 36. Re3 a5 37. Be5 Bc5 38. Re1 Kb6 39. Kf4 Bxa3
40. Bf7 Rd8 41. Bxg6 Rxd5 42. Bxf5 Bb4 43. c3 Rxe5 44. Rxe5 Bd6 45. g4 a4 46.
Bb1 a3 47. g5 a2 48. Bxa2 Bxa2 49. Ke4 Bxe5 50. Kxe5 Kc5 51. g6 Kc4 1-0

[Event "España ch Femenino 2012"]
[Site "Salobreña ESP"]
[Date "2012.07.30"]
[Round "1.3"]
[White "Collazo Hidalgo-Gato, Niala"]
[Black "Riera Morilla, Elizabeth"]
[Result "1-0"]
[WhiteElo "2253"]
[BlackElo "1968"]
[PlyCount "119"]
[EventDate "2012.07.30"]
[EventType "swiss"]
[EventRounds "9"]
[EventCountry "ESP"]
[Source "lmi"]
[SourceDate "2012.07.30"]

1. e4 c5 2. Nf3 Nc6 3. d4 cxd4 4. Nxd4 g6 5. Nc3 Bg7 6. Be3 Nf6 7. Bc4 O-O 8.
Bb3 a5 9. O-O Ng4 10. Qxg4 Nxd4 11. Nd5 a4 12. Bg5 Nc6 13. Bc4 h6 14. Be3 Ne5
15. Qe2 Nxc4 16. Qxc4 Ra6 17. Qb4 Qa5 18. Qxe7 Re6 19. Qh4 g5 20. Qg4 d6 21.
Rad1 Re5 22. Qg3 Rxe4 23. Qxd6 Be6 24. Bc5 Bxd5 25. Rxd5 Re1 26. Bb4 Rxf1+ 27.
Kxf1 Qa8 28. c4 Re8 29. Qd7 Qc8 30. Qxc8 Rxc8 31. b3 axb3 32. axb3 Ra8 33. Ba5
Kf8 34. Ke2 Ke8 35. Kd3 Ra6 36. b4 b6 37. Rd6 Bf8 38. Rxb6 Rxb6 39. Bxb6 Bxb4
40. Kd4 Kd7 41. Kd5 Bd6 42. h3 h5 43. Bd4 f5 44. Be5 Bb4 45. Bf6 g4 46. Ke5
gxh3 47. gxh3 Be1 48. f4 Kc6 49. Be7 Kd7 50. Bf8 Ke8 51. Ba3 Kd7 52. Kxf5 Bf2
53. Kf6 Bd4+ 54. Kf7 Bc3 55. f5 Kd8 56. f6 Kd7 57. Be7 Be5 58. Bb4 h4 59. Kg6
Ke6 60. f7 1-0

[Event "España ch Femenino 2012"]
[Site "Salobreña ESP"]
[Date "2012.07.30"]
[Round "1.4"]
[White "Martinez Gonzalez, M. Asuncion"]
[Black "Aranaz Murillo, Amalia"]
[Result "0-1"]
[WhiteElo "1947"]
[BlackElo "2231"]
[PlyCount "74"]
[EventDate "2012.07.30"]
[EventType "swiss"]
[EventRounds "9"]
[EventCountry "ESP"]
[Source "lmi"]
[SourceDate "2012.07.30"]

1. d4 Nf6 2. Nf3 g6 3. c4 Bg7 4. Nc3 O-O 5. Bg5 c5 6. e3 cxd4 7. exd4 d5 8.
Bxf6 Bxf6 9. Nxd5 Bg7 10. Nc3 Bg4 11. d5 Nd7 12. Be2 Rc8 13. Nd2 Bxe2 14. Qxe2
Re8 15. O-O e6 16. dxe6 Rxe6 17. Qd3 Ne5 18. Qxd8+ Rxd8 19. Rfd1 Nd3 20. Nf3
Ree8 21. Rab1 Nxb2 22. Rxd8 Rxd8 23. Rxb2 Bxc3 24. Rb1 b6 25. Rc1 Bb4 26. Kf1
Bc5 27. Ke2 Re8+ 28. Kf1 f5 29. Nd2 Kf7 30. Nb3 Ba3 31. Rd1 Re7 32. f3 Rc7 33.
Rd4 Bb2 34. Rh4 h5 35. Nd2 Bf6 36. Rf4 Ke6 37. g4 Ke5 0-1

[Event "España ch Femenino 2012"]
[Site "Salobreña ESP"]
[Date "2012.07.30"]
[Round "1.5"]
[White "Vega Gutierrez, Belinda"]
[Black "Cucarella Montell, Angels"]
[Result "1-0"]
[WhiteElo "2205"]
[BlackElo "1946"]
[PlyCount "99"]
[EventDate "2012.07.30"]
[EventType "swiss"]
[EventRounds "9"]
[EventCountry "ESP"]
[Source "lmi"]
[SourceDate "2012.07.30"]

1. e4 c5 2. Nf3 d6 3. d4 cxd4 4. Nxd4 Nf6 5. Nc3 a6 6. Bg5 Nbd7 7. f4 Qc7 8.
Qd2 b5 9. a3 Bb7 10. Bd3 Rc8 11. Nf3 e6 12. O-O Be7 13. Rae1 Nc5 14. e5 Nd5 15.
Bxe7 Qxe7 16. Ne4 Nxe4 17. Bxe4 O-O 18. Bd3 g6 19. Ng5 Qc7 20. Ne4 dxe5 21.
fxe5 Qxe5 22. Nf6+ Qxf6 23. Rxf6 Nxf6 24. Qg5 Nd7 25. b4 Rfd8 26. Qe7 Bc6 27.
Rf1 Rf8 28. Qd6 Nb6 29. Rf4 Rfd8 30. Qe5 Nd7 31. Qe3 Nf8 32. Qb6 e5 33. Rf2 e4
34. Bf1 Bd5 35. Qxa6 e3 36. Re2 Rc3 37. Qf6 Rdc8 38. Qd4 Bb7 39. Rxe3 Rxc2 40.
Re2 R2c3 41. Re7 R3c7 42. Rxc7 Rxc7 43. Qb6 Ne6 44. Qxb5 Bc6 45. Qb8+ Kg7 46.
b5 Bb7 47. a4 Bd5 48. b6 Rd7 49. a5 Nc5 50. a6 1-0

[Event "España ch Femenino 2012"]
[Site "Salobreña ESP"]
[Date "2012.07.30"]
[Round "1.6"]
[White "Romero Diez, Sandra"]
[Black "Guadamuro Torrente, Anabel"]
[Result "0-1"]
[WhiteElo "1844"]
[BlackElo "2192"]
[PlyCount "94"]
[EventDate "2012.07.30"]
[EventType "swiss"]
[EventRounds "9"]
[EventCountry "ESP"]
[Source "lmi"]
[SourceDate "2012.07.30"]

1. e4 e5 2. Nf3 Nc6 3. Bc4 Bc5 4. c3 Nf6 5. d3 O-O 6. Bb3 Kh8 7. h3 d6 8. Nbd2
Ng8 9. g4 Be6 10. Nf1 d5 11. Qe2 Nge7 12. Ng3 Ng6 13. Nf5 a5 14. O-O a4 15.
Bxd5 Bxd5 16. exd5 Qxd5 17. Qe4 Rad8 18. Qxd5 Rxd5 19. Be3 Bxe3 20. Nxe3 Rxd3
21. Rad1 Rfd8 22. Rxd3 Rxd3 23. Ng5 h6 24. Ne4 b6 25. Rd1 Rxd1+ 26. Nxd1 Nf4
27. Kh2 Na5 28. Nd2 Nd3 29. Kg2 Nc1 30. a3 f6 31. Kf3 Kg8 32. Ke4 Kf7 33. Ne3
Ncb3 34. Nxb3 axb3 35. c4 c6 36. f4 exf4 37. Kxf4 Nb7 38. Nf5 Nc5 39. Nd4 Nd3+
40. Ke4 Nxb2 41. Nxb3 Nxc4 42. a4 Nd6+ 43. Kd4 Ke6 44. a5 c5+ 45. Kc3 bxa5 46.
Nxc5+ Kd5 47. Na4 Ne4+ 0-1

[Event "España ch Femenino 2012"]
[Site "Salobreña ESP"]
[Date "2012.07.30"]
[Round "1.7"]
[White "Garcia Vicente, Nieves"]
[Black "Lopez Grana, Carmen"]
[Result "1-0"]
[WhiteElo "2190"]
[BlackElo "1801"]
[PlyCount "83"]
[EventDate "2012.07.30"]
[EventType "swiss"]
[EventRounds "9"]
[EventCountry "ESP"]
[Source "lmi"]
[SourceDate "2012.07.30"]

1. d4 Nf6 2. Nf3 g6 3. c4 d6 4. Nc3 Bg7 5. Bg5 Bg4 6. e3 Nbd7 7. Be2 O-O 8. h3
Bxf3 9. Bxf3 c6 10. O-O Qb6 11. Qd2 Rfe8 12. Rab1 h6 13. Bh4 e5 14. b4 e4 15.
Be2 d5 16. c5 Qc7 17. Bg3 Qd8 18. b5 Nh7 19. bxc6 bxc6 20. Rb7 Nhf8 21. Rfb1
Ne6 22. Bd1 f5 23. Ne2 g5 24. Bd6 Bf8 25. Bh2 Bg7 26. Ng3 Rf8 27. Nh5 Rf7 28.
Nxg7 Rxg7 29. Bd6 Qf6 30. Qa5 f4 31. Rxa7 Rxa7 32. Qxa7 fxe3 33. fxe3 Rf7 34.
Bh5 Qf2+ 35. Kh2 Rg7 36. Bg4 Ndf8 37. Qa8 Kh7 38. Bg3 Qxe3 39. Bf5+ Rg6 40.
Rb7+ Ng7 41. Qxf8 Qxd4 42. Qe8 1-0

[Event "España ch Femenino 2012"]
[Site "Salobreña ESP"]
[Date "2012.07.30"]
[Round "1.8"]
[White "Colas Perez, Patricia"]
[Black "Collado Barbas, Laura"]
[Result "0-1"]
[WhiteElo "1798"]
[BlackElo "2118"]
[PlyCount "52"]
[EventDate "2012.07.30"]
[EventType "swiss"]
[EventRounds "9"]
[EventCountry "ESP"]
[Source "lmi"]
[SourceDate "2012.07.30"]

1. c4 e6 2. g3 d5 3. Bg2 Nf6 4. Nf3 c5 5. b3 Nc6 6. cxd5 Nxd5 7. Bb2 f6 8. d4
cxd4 9. Nxd4 Bb4+ 10. Nd2 Nxd4 11. Bxd4 Nf4 12. gxf4 Qxd4 13. e3 Qd6 14. Ke2
Qa6+ 15. Nc4 Bd7 16. Qd4 Rd8 17. Rhd1 O-O 18. Kf1 Be7 19. Kg1 Bc6 20. Qc3 Bxg2
21. Kxg2 Qc6+ 22. f3 b5 23. Qa5 bxc4 24. Qxa7 Rxd1 25. Rxd1 cxb3 26. Rd7 Ra8
0-1

[Event "España ch Femenino 2012"]
[Site "Salobreña ESP"]
[Date "2012.07.31"]
[Round "2.1"]
[White "Collado Barbas, Laura"]
[Black "Vega Gutierrez, Sabrina"]
[Result "0-1"]
[WhiteElo "2118"]
[BlackElo "2355"]
[PlyCount "40"]
[EventDate "2012.07.30"]
[EventType "swiss"]
[EventRounds "9"]
[EventCountry "ESP"]
[Source "lmi"]
[SourceDate "2012.07.30"]

1. d4 d5 2. c4 dxc4 3. Nf3 Nf6 4. e3 Bg4 5. Nbd2 e6 6. Bxc4 Nbd7 7. O-O Be7 8.
Re1 O-O 9. Qb3 Rb8 10. a4 c5 11. Ne5 Bh5 12. Nxd7 Qxd7 13. dxc5 Bxc5 14. Nf1
Qe7 15. Bd2 Ne4 16. f3 Bxf3 17. Be2 Bxg2 18. Kxg2 Qg5+ 19. Kf3 Qf5+ 20. Kg2
Qf2+ 0-1

[Event "España ch Femenino 2012"]
[Site "Salobreña ESP"]
[Date "2012.07.31"]
[Round "2.2"]
[White "Hernandez Estevez, Yudania"]
[Black "Garcia Vicente, Nieves"]
[Result "0-1"]
[WhiteElo "2254"]
[BlackElo "2190"]
[PlyCount "120"]
[EventDate "2012.07.30"]
[EventType "swiss"]
[EventRounds "9"]
[EventCountry "ESP"]
[Source "lmi"]
[SourceDate "2012.07.30"]

1. e4 c5 2. Nf3 Nc6 3. d4 cxd4 4. Nxd4 e5 5. Nb5 a6 6. Nd6+ Bxd6 7. Qxd6 Qf6 8.
Qd1 Qg6 9. Nc3 Nge7 10. Be3 d5 11. exd5 Nb4 12. Bd3 Nxd3+ 13. Qxd3 Bf5 14. Qd2
Bxc2 15. O-O O-O 16. f4 exf4 17. Rxf4 Rac8 18. Rc1 Bf5 19. Qf2 Bd7 20. Rf1 Bb5
21. Rd1 Bd7 22. d6 Nc6 23. Nd5 Rfe8 24. Bc5 Qh5 25. Nc3 Ne5 26. Rh4 Qg5 27. Bd4
Nf3+ 28. Qxf3 Qxh4 29. Nd5 Re1+ 30. Rxe1 Qxe1+ 31. Qf1 Qxf1+ 32. Kxf1 Kf8 33.
Nb6 Bb5+ 34. Ke1 Re8+ 35. Kf2 f6 36. a4 Bc6 37. Bc5 Kf7 38. a5 Ke6 39. g4 Rd8
40. Ke3 Rxd6 41. Bxd6 Kxd6 42. Kd4 Bf3 43. Nc4+ Kc6 44. g5 Kb5 45. gxf6 gxf6
46. h4 h5 47. Nd2 Bc6 48. Nc4 Bf3 49. Nd2 Bg4 50. Nc4 f5 51. Nd6+ Kxa5 52.
Nxb7+ Kb4 53. Nc5 a5 54. Kd5 Be2 55. Kd4 a4 56. Ne6 Bg4 57. Nc5 Bd1 58. Ne6 Kb3
59. Ke5 Kxb2 60. Nd4 a3 0-1

[Event "España ch Femenino 2012"]
[Site "Salobreña ESP"]
[Date "2012.07.31"]
[Round "2.3"]
[White "Perera Borrego, Mariela"]
[Black "Collazo Hidalgo-Gato, Niala"]
[Result "1-0"]
[WhiteElo "2066"]
[BlackElo "2253"]
[PlyCount "47"]
[EventDate "2012.07.30"]
[EventType "swiss"]
[EventRounds "9"]
[EventCountry "ESP"]
[Source "lmi"]
[SourceDate "2012.07.30"]

1. d4 c5 2. d5 e5 3. e4 d6 4. Nc3 Be7 5. f4 exf4 6. Bxf4 a6 7. a4 Bg5 8. Qd2
Bxf4 9. Qxf4 Ne7 10. Nf3 Ng6 11. Qg3 Qe7 12. Be2 h5 13. O-O Nd7 14. e5 dxe5 15.
d6 h4 16. Qxg6 Qxd6 17. Rad1 Qc6 18. Qg3 Qb6 19. Nd5 Qc6 20. Qg5 Nf6 21. Bc4 h3
22. Nxe5 hxg2 23. Be2 Ng8 24. Ra1 1-0

[Event "España ch Femenino 2012"]
[Site "Salobreña ESP"]
[Date "2012.07.31"]
[Round "2.4"]
[White "Aranaz Murillo, Amalia"]
[Black "Rodriguez Lorenzo, Yadira"]
[Result "1/2-1/2"]
[WhiteElo "2231"]
[BlackElo "2022"]
[PlyCount "109"]
[EventDate "2012.07.30"]
[EventType "swiss"]
[EventRounds "9"]
[EventCountry "ESP"]
[Source "lmi"]
[SourceDate "2012.07.30"]

1. Nf3 b5 2. e4 a6 3. d4 Bb7 4. Bd3 e6 5. O-O Nf6 6. Re1 Be7 7. c3 O-O 8. Nbd2
d6 9. Nf1 c5 10. Ng3 Nbd7 11. e5 dxe5 12. dxe5 Nd5 13. Qc2 h6 14. Qe2 Re8 15.
Qe4 Nf8 16. Qg4 f5 17. Bxf5 exf5 18. Nxf5 Bg5 19. Bxg5 hxg5 20. Nxg5 Bc8 21.
Rad1 g6 22. Nh6+ Kg7 23. Qg3 Ra7 24. Nhf7 Rxf7 25. Nxf7 Kxf7 26. Qf3+ Ke6 27.
b3 c4 28. bxc4 bxc4 29. Qg4+ Kf7 30. Qxc4 Be6 31. Qe4 Qa8 32. c4 Nb6 33. Qf4+
Kg8 34. Rd6 Nc8 35. Rd4 Re7 36. Rd8 Rf7 37. Qh6 Rg7 38. Red1 Qe4 39. Qg5 Rf7
40. h4 Qf5 41. Qg3 Bxc4 42. Rc1 Be6 43. Rc6 Ne7 44. Rxa6 Nd5 45. h5 Nf4 46. Qf3
Qxe5 47. hxg6 Ne2+ 48. Qxe2 Qxe2 49. gxf7+ Kxf7 50. Ra7+ Nd7 51. Raxd7+ Bxd7
52. Rxd7+ Kf6 53. Rh7 Qxa2 54. Rh3 Qd2 55. Re3 1/2-1/2

[Event "España ch Femenino 2012"]
[Site "Salobreña ESP"]
[Date "2012.07.31"]
[Round "2.5"]
[White "Ruiz Font, Elisabet"]
[Black "Vega Gutierrez, Belinda"]
[Result "1/2-1/2"]
[WhiteElo "2039"]
[BlackElo "2205"]
[PlyCount "103"]
[EventDate "2012.07.30"]
[EventType "swiss"]
[EventRounds "9"]
[EventCountry "ESP"]
[Source "lmi"]
[SourceDate "2012.07.30"]

1. e4 e5 2. Bc4 Nf6 3. d3 c6 4. Nf3 d6 5. O-O Be7 6. Re1 O-O 7. Nbd2 Nbd7 8. a4
b6 9. Nf1 h6 10. Ng3 Re8 11. Nf5 Bf8 12. N3h4 d5 13. Ba2 Nc5 14. b4 Nxa4 15.
Bd2 b5 16. Bb3 Nb6 17. Nf3 Bxf5 18. exf5 Bd6 19. Ra5 Qc7 20. h3 Nbd7 21. Qa1 e4
22. Nd4 Ne5 23. dxe4 Nxe4 24. Qc1 Nxd2 25. Qxd2 Qe7 26. c3 Qd7 27. Ra6 Rac8 28.
Rea1 Bb8 29. f4 Nc4 30. Bxc4 dxc4 31. Qf2 Re4 32. g3 Qe8 33. f6 gxf6 34. Qf3
Re1+ 35. Kh2 f5 36. Nxf5 Qe2+ 37. Qxe2 Rxe2+ 38. Kg1 Kh7 39. R6a2 Rce8 40. Kf1
Rxa2 41. Rxa2 h5 42. Re2 Rxe2 43. Kxe2 Bc7 44. Nd4 a5 45. bxa5 Bxa5 46. Kd2 b4
47. Nxc6 bxc3+ 48. Kc2 Bc7 49. Kxc3 h4 50. gxh4 Bxf4 51. Kxc4 Kg6 52. Kd4
1/2-1/2

[Event "España ch Femenino 2012"]
[Site "Salobreña ESP"]
[Date "2012.07.31"]
[Round "2.7"]
[White "Duarte Garcia, Pilar"]
[Black "Cerrato Torrijos, Maria"]
[Result "0-1"]
[WhiteElo "1684"]
[BlackElo "2114"]
[PlyCount "82"]
[EventDate "2012.07.30"]
[EventType "swiss"]
[EventRounds "9"]
[EventCountry "ESP"]
[Source "lmi"]
[SourceDate "2012.07.30"]

1. d4 Nf6 2. g3 e6 3. c4 Bb4+ 4. Bd2 Qe7 5. a3 Bxd2+ 6. Qxd2 a5 7. Nc3 d6 8.
Bg2 e5 9. Nf3 O-O 10. O-O Nbd7 11. b4 c6 12. e4 exd4 13. Qxd4 Ne5 14. Rab1 axb4
15. axb4 Bh3 16. Nxe5 dxe5 17. Qe3 Bxg2 18. Kxg2 Qe6 19. Qe2 Rfd8 20. Ra1 Qd6
21. Rxa8 Rxa8 22. b5 Qd4 23. Rc1 h6 24. f3 Qc5 25. Rb1 Ne8 26. Nd1 Nd6 27. bxc6
bxc6 28. Ne3 Ra3 29. Re1 Rc3 30. Qd2 Qa3 31. Nc2 Qb2 32. Re2 Nxc4 33. Qd8+ Kh7
34. Qd7 Ne3+ 35. Kh3 Rxc2 36. Rxe3 Rxh2+ 37. Kg4 h5+ 38. Kf5 Qa2 39. Kxe5 Rc2
40. Qf5+ g6 41. Qf6 Qb2+ 0-1

[Event "España ch Femenino 2012"]
[Site "Salobreña ESP"]
[Date "2012.07.31"]
[Round "2.8"]
[White "Garcia Porlan, Beatriz"]
[Black "Garcia-Castany Musellas, Galla"]
[Result "0-1"]
[WhiteElo "1787"]
[BlackElo "2042"]
[PlyCount "64"]
[EventDate "2012.07.30"]
[EventType "swiss"]
[EventRounds "9"]
[EventCountry "ESP"]
[Source "lmi"]
[SourceDate "2012.07.30"]

1. e4 e5 2. Nf3 Nc6 3. d4 exd4 4. Nxd4 Nf6 5. Nxc6 bxc6 6. e5 Qe7 7. Qe2 Nd5 8.
c4 Ba6 9. b3 Qh4 10. a3 Bc5 11. g3 Bxf2+ 12. Qxf2 Qe4+ 13. Kd1 Qxh1 14. Nd2 O-O
15. Kc2 f6 16. e6 dxe6 17. Nf3 e5 18. Rb1 Rfd8 19. Bg2 Nb4+ 20. axb4 Qd1+ 21.
Kb2 Qd6 22. Ra1 Bxc4 23. Be3 Qxb4 24. Nd2 Rd3 25. Ra3 Qc3+ 26. Ka2 Rxe3 27.
Nxc4 Re1 28. Qb2 Qd3 29. Nd2 Rd8 30. Bxc6 Qxd2 31. Rxa7 Re2 32. Qxd2 Rdxd2+ 0-1

[Event "España ch Femenino 2012"]
[Site "Salobreña ESP"]
[Date "2012.07.31"]
[Round "3.1"]
[White "Vega Gutierrez, Sabrina"]
[Black "Perera Borrego, Mariela"]
[Result "1-0"]
[WhiteElo "2355"]
[BlackElo "2066"]
[PlyCount "103"]
[EventDate "2012.07.30"]
[EventType "swiss"]
[EventRounds "9"]
[EventCountry "ESP"]
[Source "lmi"]
[SourceDate "2012.07.30"]

1. e4 d6 2. d4 Nf6 3. Nc3 e5 4. Nge2 Be7 5. g3 O-O 6. Bg2 c6 7. a4 a5 8. O-O
Na6 9. b3 Re8 10. Bb2 Qc7 11. Qd2 Bd7 12. h3 Rad8 13. Rfe1 Nb4 14. Rad1 Bc8 15.
g4 d5 16. exd5 exd4 17. Nxd4 Nfxd5 18. Nxd5 Nxd5 19. Bxd5 Rxd5 20. Qc3 f6 21.
Nb5 Qd7 22. Rxd5 cxd5 23. Nc7 Rd8 24. Nxd5 Qxd5 25. Rxe7 Qd1+ 26. Re1 Qd5 27.
Qc7 Qd7 28. Qxd7 Bxd7 29. Rd1 Kf7 30. Bc3 b6 31. Rd6 Ke7 32. Rxb6 Rc8 33. Bxa5
Rxc2 34. Bb4+ Kf7 35. a5 Be6 36. Rb7+ Kg6 37. Bf8 Kg5 38. Rxg7+ Kf4 39. Re7
Rc1+ 40. Kh2 Rc6 41. b4 Bd5 42. Re3 f5 43. gxf5 Kxf5 44. b5 Rc2 45. Kg3 h5 46.
Bd6 Bc4 47. b6 Ba6 48. Rb3 Rc6 49. b7 Bxb7 50. Rxb7 Rxd6 51. Rb5+ Ke4 52. f3+
1-0

[Event "España ch Femenino 2012"]
[Site "Salobreña ESP"]
[Date "2012.07.31"]
[Round "3.2"]
[White "Garcia Vicente, Nieves"]
[Black "Guadamuro Torrente, Anabel"]
[Result "1/2-1/2"]
[WhiteElo "2190"]
[BlackElo "2192"]
[PlyCount "66"]
[EventDate "2012.07.30"]
[EventType "swiss"]
[EventRounds "9"]
[EventCountry "ESP"]
[Source "lmi"]
[SourceDate "2012.07.30"]

1. d4 d6 2. Nf3 Bg4 3. c4 Bxf3 4. gxf3 Nd7 5. f4 g6 6. Nc3 Bg7 7. e4 e5 8. fxe5
dxe5 9. d5 Ngf6 10. Be2 c6 11. Be3 O-O 12. dxc6 bxc6 13. Qa4 Qc7 14. O-O-O Rfb8
15. Rd2 Nf8 16. c5 Ne6 17. Bc4 Nd4 18. Rhd1 Nd7 19. Qa3 Bf8 20. Na4 Qa5 21.
Bxd4 exd4 22. Rxd4 Nxc5 23. Nxc5 Qxa3 24. bxa3 Bxc5 25. R4d3 Rb7 26. f3 Rab8
27. Rb3 Rxb3 28. axb3 Bxa3+ 29. Kc2 Rb7 30. Rd8+ Kg7 31. Rc8 c5 32. Bd5 Rd7 33.
Kc3 g5 1/2-1/2

[Event "España ch Femenino 2012"]
[Site "Salobreña ESP"]
[Date "2012.07.31"]
[Round "3.3"]
[White "Vega Gutierrez, Belinda"]
[Black "Aranaz Murillo, Amalia"]
[Result "1/2-1/2"]
[WhiteElo "2205"]
[BlackElo "2231"]
[PlyCount "73"]
[EventDate "2012.07.30"]
[EventType "swiss"]
[EventRounds "9"]
[EventCountry "ESP"]
[Source "lmi"]
[SourceDate "2012.07.30"]

1. e4 e6 2. d4 d5 3. Nd2 Nc6 4. c3 e5 5. dxe5 dxe4 6. Qa4 e3 7. fxe3 Bc5 8. Nb3
Bb6 9. Nf3 Nh6 10. Nbd4 Bd7 11. Bb5 O-O 12. O-O a6 13. Bxc6 bxc6 14. e6 fxe6
15. Nxc6 Qe8 16. Nfe5 Rxf1+ 17. Kxf1 Nf5 18. Qe4 Bxc6 19. Nxc6 Nxe3+ 20. Bxe3
Bxe3 21. Qxe3 Qxc6 22. Re1 Re8 23. Kg1 h6 24. b3 e5 25. c4 e4 26. Qd4 Kh7 27.
h3 Qe6 28. Re3 Qf5 29. Re1 Qe6 30. Re3 Qf5 31. b4 Rb8 32. a3 Re8 33. Re1 Qe6
34. Re3 Qf5 35. Re1 Qe6 36. Re3 Qf5 37. Re1 1/2-1/2

[Event "España ch Femenino 2012"]
[Site "Salobreña ESP"]
[Date "2012.07.31"]
[Round "3.4"]
[White "Cerrato Torrijos, Maria"]
[Black "Ruiz Font, Elisabet"]
[Result "1-0"]
[WhiteElo "2114"]
[BlackElo "2039"]
[PlyCount "73"]
[EventDate "2012.07.30"]
[EventType "swiss"]
[EventRounds "9"]
[EventCountry "ESP"]
[Source "lmi"]
[SourceDate "2012.07.30"]

1. e4 c5 2. Nc3 Nc6 3. Nf3 g6 4. d4 cxd4 5. Nxd4 Bg7 6. Nb3 Nf6 7. Be2 O-O 8.
O-O b6 9. Bg5 Bb7 10. f4 d6 11. Bf3 a5 12. a4 Nb4 13. Rf2 Rc8 14. Rd2 Qc7 15.
Qe1 Rfe8 16. Qh4 Kh8 17. Bh6 Ng8 18. Bxg7+ Kxg7 19. Kh1 Ba6 20. Nd4 Nf6 21. Re1
Nd7 22. Re3 Qc5 23. Bg4 e6 24. Rh3 h5 25. Nb3 Qc7 26. Bxh5 Rh8 27. Qg3 Qc4 28.
Be2 Rxh3 29. Qxh3 Qc6 30. Bxa6 Nxa6 31. Qd3 Ndc5 32. Nxc5 Nxc5 33. Qxd6 Qxd6
34. Rxd6 Nxe4 35. Nxe4 Rxc2 36. h3 Rxb2 37. Rd4 1-0

[Event "España ch Femenino 2012"]
[Site "Salobreña ESP"]
[Date "2012.07.31"]
[Round "3.5"]
[White "Rodriguez Lorenzo, Yadira"]
[Black "Hernandez Estevez, Yudania"]
[Result "1/2-1/2"]
[WhiteElo "2022"]
[BlackElo "2254"]
[PlyCount "114"]
[EventDate "2012.07.30"]
[EventType "swiss"]
[EventRounds "9"]
[EventCountry "ESP"]
[Source "lmi"]
[SourceDate "2012.07.30"]

1. e4 e5 2. Nf3 Nc6 3. d4 exd4 4. Nxd4 g6 5. Nc3 Bg7 6. Be3 Nf6 7. f3 O-O 8.
Qd2 d5 9. Nxc6 bxc6 10. O-O-O Be6 11. Bh6 Qe7 12. Bxg7 Kxg7 13. e5 Nd7 14. f4
Rab8 15. h3 f6 16. h4 fxe5 17. fxe5 Qb4 18. b3 Qf4 19. Qxf4 Rxf4 20. Ne2 Rf2
21. Nd4 Bf5 22. Bd3 Bxd3 23. Rxd3 Nxe5 24. Re3 Nf7 25. Re7 c5 26. Nf3 c4 27.
Rxc7 cxb3 28. axb3 Re8 29. Rd1 Kf6 30. Rxd5 Rxg2 31. Rdd7 Rf8 32. Rxa7 h6 33.
Ra6+ Kf5 34. Nd4+ Ke4 35. Ne6 Rc8 36. Rxf7 Rcxc2+ 37. Kb1 Rb2+ 38. Ka1 Rbe2 39.
Rf1 g5 40. hxg5 hxg5 41. Ra5 g4 42. Nf4 Rgf2 43. Rxf2 Rxf2 44. Nh5 Kd4 45. Ra2
Rf5 46. Ng3 Rf3 47. Ne2+ Kd3 48. Nc1+ Kc3 49. Rg2 g3 50. Kb1 Kb4 51. Ka1 Kc3
52. Ne2+ Kb4 53. Nxg3 Kxb3 54. Rb2+ Ka3 55. Ne2 Rf1+ 56. Rb1 Rg1 57. Nc1 Rg5
1/2-1/2

[Event "España ch Femenino 2012"]
[Site "Salobreña ESP"]
[Date "2012.07.31"]
[Round "3.6"]
[White "Collazo Hidalgo-Gato, Niala"]
[Black "Cucarella Montell, Angels"]
[Result "1-0"]
[WhiteElo "2253"]
[BlackElo "1946"]
[PlyCount "101"]
[EventDate "2012.07.30"]
[EventType "swiss"]
[EventRounds "9"]
[EventCountry "ESP"]
[Source "lmi"]
[SourceDate "2012.07.30"]

1. e4 c5 2. Nf3 d6 3. d4 cxd4 4. Nxd4 Nf6 5. Nc3 a6 6. Bc4 e6 7. Bb3 b5 8. O-O
Be7 9. Kh1 O-O 10. f4 Qc7 11. f5 e5 12. Nde2 Bb7 13. Ng3 Nbd7 14. Be3 Kh8 15.
Qf3 Nb6 16. Rad1 Nc4 17. Bc1 Rad8 18. Nh5 h6 19. Nxf6 Bxf6 20. Qh5 Qe7 21. Rd3
Kh7 22. Rh3 Rh8 23. Bxh6 Kg8 24. Qg4 Rxh6 25. Rxh6 Ne3 26. Rh8+ Kxh8 27. Qh3+
Kg8 28. Qxe3 Bg5 29. Qe2 Rc8 30. Qg4 Rc5 31. Bd5 b4 32. Na4 Rc7 33. Nb6 Qd8 34.
Bxb7 Rxb7 35. Nd5 f6 36. Rf3 b3 37. axb3 Qa5 38. h3 Qe1+ 39. Kh2 Rb5 40. Rc3
Rc5 41. Rxc5 dxc5 42. Qf3 Qc1 43. Qf2 Kh7 44. h4 Bh6 45. Qg3 Kh8 46. Qf2 Kh7
47. Qe2 Qxb2 48. Ne7 Qd4 49. Qh5 Qxe4 50. Qg6+ Kh8 51. Qe8+ 1-0

[Event "España ch Femenino 2012"]
[Site "Salobreña ESP"]
[Date "2012.07.31"]
[Round "3.7"]
[White "Martinez Gonzalez, M. Asuncion"]
[Black "Collado Barbas, Laura"]
[Result "0-1"]
[WhiteElo "1947"]
[BlackElo "2118"]
[PlyCount "106"]
[EventDate "2012.07.30"]
[EventType "swiss"]
[EventRounds "9"]
[EventCountry "ESP"]
[Source "lmi"]
[SourceDate "2012.07.30"]

1. d4 d5 2. c4 e6 3. Nc3 c6 4. Nf3 dxc4 5. a4 Bb4 6. Bd2 b5 7. e3 a5 8. g3 Bb7
9. Bg2 Nd7 10. Ne4 Be7 11. Ne5 Nxe5 12. dxe5 b4 13. Qg4 g6 14. Rd1 Qb6 15. O-O
c5 16. Nd6+ Bxd6 17. Bxb7 Qxb7 18. exd6 Nf6 19. Qxc4 Nd7 20. e4 Qc6 21. Be3 Rc8
22. b3 h5 23. f4 h4 24. f5 gxf5 25. exf5 h3 26. Rd2 Ne5 27. Qf4 Nd3 28. Qf3
Qxf3 29. Rxf3 Ne5 30. Rf1 Kd7 31. fxe6+ fxe6 32. Bf4 Nf7 33. Rc1 Rh5 34. Be3
Ne5 35. Rf1 Rc6 36. Bf4 Ng4 37. Re1 e5 38. Rd5 Rc8 39. Be3 Ke6 40. Rxc5 Rxc5
41. Bxc5 Rh8 42. Rd1 Kd7 43. Bb6 Rc8 44. Bc7 Rf8 45. Rd2 Rf3 46. Bxa5 Rxb3 47.
Rd1 Rb2 48. Bb6 Rg2+ 49. Kh1 Nxh2 50. Rc1 Nf3 51. Bg1 Nxg1 52. Rxg1 Rxg1+ 53.
Kxg1 b3 0-1